| 000 | 00686nam a22002657a 4500 | ||
|---|---|---|---|
| 003 | CHAP | ||
| 005 | 20220329133857.0 | ||
| 008 | 971013s1956 r 00010 d | ||
| 010 | _a12126 | ||
| 011 | _a13098 | ||
| 035 | _a17169 | ||
| 040 | _cCHAP | ||
| 082 |
_a635.8 _bG45 |
||
| 100 | 0 | 0 |
_aGenders, Roy. _947435 |
| 245 | _aGrowing mushrooms | ||
| 250 | _a3 ed. | ||
| 260 |
_aLondon : _bErnest Benn, _c1956 |
||
| 300 |
_a160 p. _b: ilus. |
||
| 590 |
_aBATCH-UPD _b10 _c20130110 _lUCH01 _h1112 |
||
| 590 |
_aCONVERSION _b10 _c20130109 _lUCH01 _h1308 |
||
| 650 | 1 | 4 |
_aSetas. _9105368 |
| 901 | _aBK | ||
| 942 | _cLIBRO | ||
| 949 |
_a635.8 G45 _bBC _cLIBRO _d-40736 _eLIBRO _h24118 _i17169 _si |
||
| 999 |
_c12126 _d12126 |
||